| 000 | 00536cam a22001931 4500 | ||
|---|---|---|---|
| 001 | ne 62001779 | ||
| 003 | DLC | ||
| 005 | 20260227111739.0 | ||
| 008 | 821206s1957 ua a 000 1 ararc | ||
| 010 | _ane 62001779 | ||
| 035 | _a(OCoLC)9024441 | ||
| 040 |
_aPrinceton Univ. Libr. _cWaU _dWaU _dDLC |
||
| 042 | _apremarc | ||
| 050 | 0 | 0 |
_aPJ7860.A9 _bM3 |
| 100 | 1 | _aRayyān, Amīn. | |
| 245 | 1 | 3 |
_aal-Maʻrakah _c[taʼlīf] Amīn Rayyān. |
| 260 |
_a[al-Qāhirah] _bDār al-Fikr al-ʻArabī _c[1957] |
||
| 300 |
_a162 p. _billus. _c19 cm. |
||
| 999 |
_c45377 _d45377 |
||